|
|
|
|
| LEADER |
00559cam a2200157 7i4500 |
| 001 |
0000025980 |
| 005 |
20110304090000.0 |
| 090 |
0 |
0 |
|a MAT 629.2
|b MAL
|
| 110 |
2 |
0 |
|a Malaysia External Trade Development Corporation (MATRADE)
|
| 245 |
2 |
0 |
|a Industry brief :
|b transport equipment 2008.
|
| 260 |
0 |
0 |
|a Kuala Lumpur:
|b MATRADE.
|
| 300 |
# |
# |
|a 19p.
|
| 650 |
0 |
0 |
|a Transportation equipment industry Malaysia
|
| 651 |
0 |
0 |
|a Malaysia
|
| 999 |
|
|
|a 0000024457
|b Book
|c MATRADEs Collection
|e Business Information Centre
|
| 999 |
|
|
|a 0000024456
|b Book
|c MATRADEs Collection
|e Business Information Centre
|